Loading...
| History - European | 0 | 9 | 0 | 2 | 90 | 50 | 84.22 | 5 | 8 | 0.00 | 0.00 |
| Mythology | 0 | 6 | 1 | 1 | 55 | 69 | 96.50 | 1 | 6 | 0.00 | 0.00 |
| History - World | 0 | 6 | 1 | 3 | 55 | 25 | 105.17 | 3 | 5 | 0.00 | 0.00 |
| History - Other | 0 | 6 | 1 | 1 | 55 | 52 | 96.83 | 1 | 4 | 0.00 | 0.00 |
| Fine Arts - Classical Music | 0 | 3 | 0 | 0 | 30 | 64 | 81.67 | 3 | 3 | 0.00 | 0.00 |
| Fine Arts - Other | 0 | 2 | 0 | 1 | 20 | 43 | 88.50 | 1 | 1 | 0.00 | 0.00 |
| Fine Arts - Painting and Sculpture | 0 | 2 | 0 | 0 | 20 | 49 | 67.50 | 2 | 2 | 0.00 | 0.00 |
| Literature - British | 0 | 1 | 0 | 0 | 10 | 133 | 133.00 | 0 | 1 | 0.00 | 0.00 |
| Social Science | 0 | 1 | 0 | 0 | 10 | 82 | 82.00 | 0 | 1 | 0.00 | 0.00 |
| Geography | 0 | 1 | 0 | 1 | 10 | 139 | 139.00 | 0 | 0 | 0.00 | 0.00 |
| Science - Biology | 0 | 1 | 0 | 0 | 10 | 95 | 95.00 | 0 | 1 | 0.00 | 0.00 |
| History - American | 0 | 1 | 0 | 0 | 10 | 121 | 121.00 | 0 | 0 | 0.00 | 0.00 |
| Religion | 0 | 1 | 1 | 1 | 5 | 130 | 130.00 | 0 | 0 | 0.00 | 0.00 |
| Literature - American | 0 | 0 | 0 | 0 | 0 | 0.00 | 0 | 0 | 0.00 | 0.00 |